000 00790nam a2200217 a 4500
005 20210708152807.0
008 210708s2001 be |||gr|||| 00| 0 fre d
020 _a9782802714996
040 _aCO-BoUCM
_bspa
_cDeissy Garcia
_dDeissy Garcia
041 0 _afre
100 1 _aBrewer Carías, Allan Randolph
_91212
245 1 0 _aEtudes de droit public comparé
_cAllan Randolph Brewer Carías
260 _aBruselas
_bBruylant
_c2001
300 _a1182 páginas
500 _a A la cabeza del título: Académie internationaleDelaware droit comparaŕ
504 _aIncluye referencias bibliográficas
650 7 _aDerecho público
_zFrancia
_9104091
650 7 _912722
_aDerecho comparado
942 _cLIBRO
_2DEWEY
_a8
_e1
_h342.44
_mB847e
_n0
999 _c313626
_d313626